The new English-Zomi & Zomi-English dictionary : (Record no. 7543)

MARC details
000 -LEADER
fixed length control field 00663nam a2200193Ia 4500
003 - CONTROL NUMBER IDENTIFIER
control field GBCCL
005 - DATE AND TIME OF LATEST TRANSACTION
control field 20241126110630.0
008 - FIXED-LENGTH DATA ELEMENTS--GENERAL INFORMATION
fixed length control field 180822b ||||| |||| 00| 0 eng d
040 ## - CATALOGING SOURCE
Transcribing agency GBC
082 ## - DEWEY DECIMAL CLASSIFICATION NUMBER
Classification number 423
Item number HAO
100 ## - MAIN ENTRY--PERSONAL NAME
Personal name Haokip, Dal Lian
9 (RLIN) 13338
245 ## - TITLE STATEMENT
Title The new English-Zomi & Zomi-English dictionary :
Remainder of title in Tedim Zomi language/
Statement of responsibility, etc. by Dal Lian Haokip.
260 ## - PUBLICATION, DISTRIBUTION, ETC.
Place of publication, distribution, etc. Churachandpur :
Name of publisher, distributor, etc. Dal Lian Haokip,
Date of publication, distribution, etc. 2006.
300 ## - PHYSICAL DESCRIPTION
Extent 477 pages ; 25 cm
650 ## - SUBJECT ADDED ENTRY--TOPICAL TERM
Topical term or geographic name entry element English language -- Tiddim Chin dialect -- Dictionaries.
9 (RLIN) 13339
650 ## - SUBJECT ADDED ENTRY--TOPICAL TERM
Topical term or geographic name entry element Tiddim Chin dialect -- Dictionaries -- English.
9 (RLIN) 13340
650 ## - SUBJECT ADDED ENTRY--TOPICAL TERM
Topical term or geographic name entry element English language.
9 (RLIN) 13341
942 ## - ADDED ENTRY ELEMENTS (KOHA)
Source of classification or shelving scheme Dewey Decimal Classification
Koha item type Reference Books
Holdings
Withdrawn status Lost status Source of classification or shelving scheme Damaged status Not for loan Home library Current Library Shelving location Date acquired Total checkouts Full call number Barcode Date last seen Copy number Price effective from Koha item type
    Dewey Decimal Classification     GRACE BIBLE COLLEGE GRACE BIBLE COLLEGE Dictionary 2018-08-22   423 HAO 002820 2025-05-01 c.1 2018-08-22 Reference Books
    Dewey Decimal Classification     GRACE BIBLE COLLEGE GRACE BIBLE COLLEGE Dictionary 2018-08-22   423 HAO 002821 2025-05-01 c.2 2018-08-22 Reference Books
© Grace Bible College Library 2025